Unión Española de Explosivos : (Record no. 196062)

MARC details
000 -LEADER
campo de control de longitud fija 01630nam a2200409 i 4500
001 - NÚMERO DE CONTROL
campo de control 196062
003 - IDENTIFICADOR DE NÚMERO DE CONTROL
campo de control ES-MaACL
005 - FECHA Y HORA DE LA ÚLTIMA TRANSACCIÓN
campo de control 20250429063012.0
008 - DATOS DE LONGITUD FIJA--INFORMACIÓN GENERAL
campo de control de longitud fija 240811s2022 sp a | |||| 001 0 spa
015 ## - NÚMERO DE BIBLIOGRAFÍA NACIONAL
Número de bibliografía nacional MON22
017 ## - NÚMERO DE COPYRIGHT O DE DEPÓSITO LEGAL
Número de copyright o de depósito legal CO 976-2022
Agencia que asigna Oficina Depósito Legal Córdoba
020 ## - NÚMERO INTERNACIONAL ESTÁNDAR DEL LIBRO
Número Internacional Estándar del Libro 9788416894956
035 ## - NÚMERO DE CONTROL DEL SISTEMA
Número de control de sistema (SpMaBN)a7180186
035 ## - NÚMERO DE CONTROL DEL SISTEMA
Número de control de sistema 991045306189708606
040 ## - FUENTE DE CATALOGACIÓN
Centro catalogador/agencia de origen SpMaBN
Lengua de catalogación spa
Centro/agencia transcriptor SpMaBN
Normas de descripción rda
080 ## - NÚMERO DE LA CLASIFICACIÓN DECIMAL UNIVERSAL
Número de la Clasificación Decimal Universal 622.1/.4:061.5(460.271)(091)
100 ## - ENTRADA PRINCIPAL--NOMBRE DE PERSONA
Nombre de persona Ballestero, Alfonso,
Fechas asociadas al nombre 1944-
9 (RLIN) 238072
Término indicativo de función/relación Autor
245 10 - MENCIÓN DEL TÍTULO
Título Unión Española de Explosivos :
Resto del título 150 años de la empresa que fundó Alfred Nobel /
Mención de responsabilidad, etc. Alfonso Ballestero ; prólogo de José Fernando Sánchez-Junco Mans.
250 ## - MENCION DE EDICION
Mención de edición Primera edición: septiembre de 2022
264 #1 - PRODUCCIÓN, PUBLICACIÓN, DISTRIBUCIÓN, FABRICACIÓN Y COPYRIGHT
Producción, publicación, distribución, fabricación y copyright Madrid :
Nombre del de productor, editor, distribuidor, fabricante LID,
Fecha de producción, publicación, distribución, fabricación o copyright [2022].
264 #4 - PRODUCCIÓN, PUBLICACIÓN, DISTRIBUCIÓN, FABRICACIÓN Y COPYRIGHT
Fecha de producción, publicación, distribución, fabricación o copyright ©2022
300 ## - DESCRIPCIÓN FÍSICA
Extensión 254 páginas :
Otras características físicas ilustraciones (blanco y negro) ;
Dimensiones 25 cm.
336 ## - TIPO DE CONTENIDO
Término de tipo de contenido Texto
Fuente rdacontent
337 ## - TIPO DE MEDIO
Nombre/término del tipo de medio sin mediación
Fuente rdamedia
338 ## - TIPO DE SOPORTE
Nombre/término del tipo de soporte volumen
Fuente rdacarrier
490 0# - MENCIÓN DE SERIE
Mención de serie Historia empresarial
500 ## - NOTA GENERAL
Nota general Incluye apéndice documental
504 ## - NOTA DE BIBLIOGRAFÍA, ETC.
Nota de bibliografía, etc. Bibliografía: páginas 241-244. Índice
586 ## - NOTA DE PREMIOS
Nota de premios Premio LID de Biografía Empresarial
610 #0 - PUNTO DE ACCESO ADICIONAL DE MATERIA--NOMBRE DE ENTIDAD CORPORATIVA
Nombre de entidad corporativa o nombre de jurisdicción como elemento de entrada Unión Española de Explosivos-
Subdivisión de forma Historia
9 (RLIN) 238073
700 ## - ENTRADA AGREGADA--NOMBRE PERSONAL
Nombre de persona Sánchez-Junco Mans, José Fernando
Término indicativo de función/relación Autor de introducción
9 (RLIN) 240111
852 ## - LOCALIZACIÓN
Ubicación ES-MaACL
Sublocalización o colección R. 153543
Ubicación en estantería Depósito J
Número de control de estantería N-9189
Donativo/Legado Donación: Editorial
Encuadernación Encuadernación cartoné con sobrecubiertas
itemnumber 205094
942 ## - ELEMENTOS DE ENTRADA SECUNDARIOS (KOHA)
Tipo de ítem Koha Libro impreso
Suprimir en OPAC No
Holdings
Estatus retirado Estado de pérdida Fuente del sistema de clasificación o colocación Estado de daño No para préstamo Biblioteca de origen Biblioteca actual Ubicación en estantería Fecha de adquisición Fuente de adquisición Total de préstamos Signatura topográfica completa Código de barras Visto por última vez Precio de reemplazo Tipo de ítem Koha
    Clasificación decimal universal     Biblioteca del Ateneo de Madrid Biblioteca del Ateneo de Madrid Depósito J 27/04/2025 Donación   N-9189 101229929 27/04/2025 27/04/2025 Libro impreso